| 000 | 00478nam a22001937a 4500 | ||
|---|---|---|---|
| 005 | 20260513115920.0 | ||
| 008 | 260513b |||||||| |||| 00| 0 eng d | ||
| 020 |
_a9783031187834 _c17595.10 |
||
| 040 | _aMAIN | ||
| 041 | _aEnglish | ||
| 082 |
_a620.11 _bFAH |
||
| 100 |
_aFahlman, Bradley D. _926804 |
||
| 245 | _aMaterials Chemistry | ||
| 250 | _a4th | ||
| 260 |
_aSwitzerland _bSpringer _c2023 |
||
| 300 | _a902 | ||
| 650 |
_aChemistry (PM USHA) _926803 |
||
| 942 | _cBK | ||
| 999 |
_c60776 _d60776 |
||